Spacetime physics: introduction to special relativity
Enregistré dans:
| Auteurs principaux: | , |
|---|---|
| Format: | Livre |
| Langue: | anglais |
| Publié: |
Nueva York
W.H. Freeman
1991
|
| Édition: | 2a. ed |
| Sujets: | |
| Tags: |
Ajouter un tag
Pas de tags, Soyez le premier à ajouter un tag!
|
MARC
| LEADER | 00000nam a2200000 a 4500 | ||
|---|---|---|---|
| 001 | UCT9799 | ||
| 003 | CL-VaPUC | ||
| 008 | 970412e19910000US |||||||||||||||||eng|d | ||
| 020 | |a 0716723271 | ||
| 082 | 0 | 4 | |a 530.11 |b TAY |2 21 |
| 100 | 0 | |a Taylor, Edwin F |e author |9 382840 | |
| 700 | 0 | |a Wheeler, John Archibald |e author |9 382841 | |
| 245 | 1 | 0 | |a Spacetime physics: introduction to special relativity |
| 250 | |a 2a. ed | ||
| 300 | |a 312 p | ||
| 942 | |c BK | ||
| 945 | |d 19970412 00:00:00 |a amoreno | ||
| 260 | |a Nueva York |b W.H. Freeman |c 1991 | ||
| 650 | 0 | |a Física |9 227844 | |
| 650 | 0 | |a Espacio |9 336785 | |
| 650 | 0 | |a Tiempo |9 267892 | |
| 650 | 0 | |a Teoría de la relatividad |9 266149 | |
| 650 | 7 | |a INERCIA |2 CL-VaPUC |9 344732 | |
| 650 | 0 | |a Energía |9 259431 | |
| 583 | |a last modification |c 19970412 00:00:00 |k Rodrigo Vera | ||
| 999 | |c 258178 |d 258176 | ||
| 952 | |0 0 |1 0 |4 0 |6 530_110000000000000_TAY_1991 |7 0 |8 A |9 282074 |a BIBCUR |b BIBCUR |d 2019-11-19 |i 3300277 |o 530.11 TAY 1991 |p 3300277 |r 2025-04-22 |w 2019-11-19 |y BK |k FIS | ||
| 952 | |0 0 |1 0 |2 ddc |4 0 |6 530_110000000000000_TAY_1991 |7 0 |8 P |9 282075 |a BIBCUR |b BIBCUR |d 2019-11-19 |i 4029690 |o 530.11 TAY 1991 |p 4029690 |r 2025-04-22 |w 2019-11-19 |x npardo |y BK |k FIS | ||